00970nam a2200229 a 450000100060000000300080000600500170001400800410003103500190007204000300009104100080012108200330012910000310016224500950019326001050028830000350039350400510042860000570047994200120053699900170054895201750056528552BD-RjUL20211209051310.0140331s1962 ii a b f001 0 eng d a(BD-RjUL)28633 aLCbengcLCdANLdBD-RjUL aeng00a954.035092220bGAC V-7 19621 aGandhi,d1869-1948.98254914aThe collected works of Mahatma Gandhi /cMahatma Gandhi.nVolume VII:pJune-December 1907. aNew Delhi :bPublications Division, Ministry of Information and Broadcasting, Govt. of India,c1962. avarious pages :bill.;c25 cm. aIncludes bibliographical references and index.00aGandhi,cMahatma,d1869-1948xCorrespondence.987471 2ddccBK c28552d28552 00102ddc40708NFICaRUCLbRUCLcStackd1977-06-22eAss. High Commission of india, Rajshahi, Gift.l0o954.035092 GAC V-7 1962r2014-03-31 00:00:00tC-2w2014-03-31yBK